Normal view
MARC view
Entry Topical Term
001 - CONTROL NUMBER
- control field: 40998
003 - CONTROL NUMBER IDENTIFIER
- control field: OSt
005 - DATE AND TIME OF LATEST TRANSACTION
- control field: 20231013111459.0
008 - FIXED-LENGTH DATA ELEMENTS
- fixed length control field: 231013|| aca||aabn | a|a d
040 ## - CATALOGING SOURCE
- Original cataloging agency: OSt
- Transcribing agency: OSt
150 ## - HEADING--TOPICAL TERM
- Topical term or geographic name entry element: Municipal green bonds, Low-carbon infrastructure, Climate finance, Carbon credits, ULB finances.
670 ## - SOURCE DATA FOUND
- Source citation: Work cat.: (OSt): Srivastava , Shantanu and Trivedi, Saurabh 40997, Potential financing mechanism for greening Indian urban local bodies
